000 00510nam a2200181Ia 4500
001 19599
005 20260306172705.0
008 260306t2017||||xx |||||||||||||| ||spa||
041 _aESP
082 _a340.7
_bC75 Nº 24
100 _aArana Courrejolles, María del Carmen
_eAUT
245 0 _aLa protección jurídica de los signos distintivos:
_bmarcas, nombres y lemas comerciales
260 _c2017
300 _a176 páginas :
_c20 cm.
650 _aGEN
654 _aCDE
942 _cLIB
_dJUS
_fJUS
_2ddc
_n
999 _c19599
_d19599